The effect of the external labor market on the gender pay gap among executives (Registro nro. 48988)
[ vista simple ]
| 000 -CABECERA | |
|---|---|
| Longitud fija campo de control | 01258naa a2200325 c 4500 |
| 001 - NÚMERO DE CONTROL | |
| Número de control | 48988 |
| 003 - IDENTIFICADOR DE NÚMERO DE CONTROL | |
| Identificador del número de control | ES-MaCES |
| 005 - FECHA Y HORA DE LA ÚLTIMA TRANSACCIÓN | |
| Fecha y hora de la última transacción | 20170307131447.0 |
| 008 - CAMPO FIJO DE DESCRIPCIÓN FIJA--INFORMACIÓN GENERAL | |
| Códigos de información de longitud fija | 170307s2017 us ||||| t||||||| ||eng d |
| 040 ## - FUENTE DE CATALOGACIÓN | |
| Centro catalogador de origen | ES-MaCES |
| Lengua de catalogación | spa |
| Centro transcriptor | ES-MaCES |
| Centro modificado | ES-MaCES |
| 100 1# - ENCABEZAMIENTO PRINCIPAL--NOMBRE PERSONAL | |
| 9 (RLIN) | 21575 |
| Nombre de persona | Quintana García, Cristina |
| 245 14 - MENCIÓN DE TÍTULO | |
| Título | The effect of the external labor market on the gender pay gap among executives |
| Mención de responsabilidad, etc. | Cristina Quintana-García, Marta M. Elvira |
| 500 ## - NOTA GENERAL | |
| Nota general | Resumen |
| 504 ## - NOTA DE BIBLIOGRAFÍA, ETC. | |
| Nota de bibliografía, etc. | Bibliografía: p. 156-159 |
| 650 #4 - ASIENTO SECUNDARIO DE MATERIA--TÉRMINO DE MATERIA | |
| 9 (RLIN) | 28657 |
| Término de materia o nombre geográfico como elemento inicial | mujeres |
| 650 #4 - ASIENTO SECUNDARIO DE MATERIA--TÉRMINO DE MATERIA | |
| 9 (RLIN) | 28413 |
| Término de materia o nombre geográfico como elemento inicial | trabajadora |
| 650 #4 - ASIENTO SECUNDARIO DE MATERIA--TÉRMINO DE MATERIA | |
| 9 (RLIN) | 28192 |
| Término de materia o nombre geográfico como elemento inicial | alta dirección |
| 650 #4 - ASIENTO SECUNDARIO DE MATERIA--TÉRMINO DE MATERIA | |
| 9 (RLIN) | 27293 |
| Término de materia o nombre geográfico como elemento inicial | liderazgo |
| 650 #4 - ASIENTO SECUNDARIO DE MATERIA--TÉRMINO DE MATERIA | |
| 9 (RLIN) | 28390 |
| Término de materia o nombre geográfico como elemento inicial | sistema de remuneración |
| 650 #4 - ASIENTO SECUNDARIO DE MATERIA--TÉRMINO DE MATERIA | |
| 9 (RLIN) | 29458 |
| Término de materia o nombre geográfico como elemento inicial | diferencia del salario |
| 650 #4 - ASIENTO SECUNDARIO DE MATERIA--TÉRMINO DE MATERIA | |
| 9 (RLIN) | 29521 |
| Término de materia o nombre geográfico como elemento inicial | discriminación por razones de sexo |
| 650 #4 - ASIENTO SECUNDARIO DE MATERIA--TÉRMINO DE MATERIA | |
| 9 (RLIN) | 30649 |
| Término de materia o nombre geográfico como elemento inicial | igualdad de oportunidades en el empleo |
| 650 #4 - ASIENTO SECUNDARIO DE MATERIA--TÉRMINO DE MATERIA | |
| 9 (RLIN) | 30147 |
| Término de materia o nombre geográfico como elemento inicial | igualdad de trato |
| 650 #4 - ASIENTO SECUNDARIO DE MATERIA--TÉRMINO DE MATERIA | |
| 9 (RLIN) | 28373 |
| Término de materia o nombre geográfico como elemento inicial | Estados Unidos |
| 653 10 - TÉRMINO DE INDEXACIÓN--NO CONTROLADO | |
| Término no controlado | Mujer |
| 700 1# - ENCABEZAMIENTO SECUNDARIO--NOMBRE PERSONAL | |
| 9 (RLIN) | 37865 |
| Nombre de persona | Elvira, Marta M. |
| 773 0# - ENTRADA DE DOCUMENTO FUENTE | |
| Itemnumber del ítem fuente | 85727 |
| Lugar, editor y fecha de publicación | New York (Ithaca, 14853-3901) Cornell University |
| Otro identificador del documento | 088625 |
| Título | Industrial and labor relations review |
| Número de control del registro relacionado | (ES-MaCES)25696 |
| Parte(s) relacionada(s) | vol. 70, no. 1 (Jan. 2017) {10695 R. 088625} ;p. 132-159 |
| 902 ## - CES. TIPO DE DOCUMENTO | |
| Tipodoc (006$c Sirtex) | ART Artículo de revista |
| 942 ## - ELEMENTOS KOHA | |
| Fuente de clasificaión o esquema | Clasificación propia del CES |
| Koha [por defecto] tipo de item | Artículos (1982-2017) |
| Parte de clasificación | Asuntos Sociales |
No hay ítems disponibles.
